Leopoldo Alas: Clarín

Shranjeno v:
Bibliografske podrobnosti
Glavni avtor: Martínez Cachero, José María (autor)
Format: Knjiga
Jezik:španščina
Izdano: Madrid Taurus 1978
Serija:<El >Escritor y la Crítica, 105
Teme:
Oznake: Označite
Brez oznak, prvi označite!

MARC

LEADER 00000nam a2200000 a 4500
001 UCT6687
003 CL-VaPUC
008 970113e19780000SP |||||||||||||||||spa|d
082 0 4 |a 863.09  |b MAR  |2 21 
100 |a Martínez Cachero, José María  |e autor  |9 376933 
245 1 0 |a Leopoldo Alas: Clarín 
300 |a 276 p 
942 |c BK 
945 |d 19970113 00:00:00  |a rleighto 
260 |a Madrid  |b Taurus  |c 1978 
600 0 7 |a ALAS, LEOPOLDO  |2 CL-VaPUC  |9 348483 
650 0 |a Literatura española  |9 306261 
650 7 |a NOVELA ESPAÑOLA  |2 CL-VaPUC  |9 313139 
650 0 |a Crítica e interpretación   |9 255042 
650 0 |a Crítica literaria   |9 269189 
583 |a last modification  |c 19970113 00:00:00  |k Rodrigo Vera 
490 0 |a <El >Escritor y la Crítica, 105 
999 |c 255366  |d 255364 
952 |0 0  |1 0  |4 0  |6 863_090000000000000_MAR_1978  |7 0  |8 A  |9 277581  |a BIBEDU  |b BIBEDU  |d 2019-11-19  |i 3274241  |o 863.09 MAR 1978  |p 3274241  |r 2019-11-19  |w 2019-11-19  |y BK  |k LIT